000 00377 a2200169 4500
001 46569
020 _a9788516074999
040 _cAnchieta - Aquarius
100 _aBandeira, Pedro
240 1 0 _aO pintinho do vizinho
_lpor
245 1 0 _aO pintinho do vizinho
300 _a
362 0 _a2012
440 1 _aModerna
650 4 _aLiteratura infanto-juvenil
942 _cBK
999 _c46569
_d46569